Paul: (Record no. 5176)

000 -LEADER
fixed length control field 00538nam a2200181 a 4500
001 - CONTROL NUMBER
control field :::00002917$&:&@@
003 - CONTROL NUMBER IDENTIFIER
control field OkBaRHE
005 - DATE AND TIME OF LATEST TRANSACTION
control field 20000607103258.0
008 - FIXED-LENGTH DATA ELEMENTS--GENERAL INFORMATION
fixed length control field s1955 j 000 0 eng u
040 ## - CATALOGING SOURCE
Transcribing agency
100 1# - MAIN ENTRY--PERSONAL NAME
Personal name Quimby, Chester Warren.
245 10 - TITLE STATEMENT
Title Paul:
Remainder of title for everyone.
260 ## - PUBLICATION, DISTRIBUTION, ETC. (IMPRINT)
Place of publication, distribution, etc New York, NY., :
Name of publisher, distributor, etc The MacMillan Company
Date of publication, distribution, etc 1955
300 ## - PHYSICAL DESCRIPTION
Extent 176 p. ;
Dimensions 20 cm.
650 ## - SUBJECT ADDED ENTRY--TOPICAL TERM
Topical term or geographic name as entry element Paul, Saint, apostle
942 ## - ADDED ENTRY ELEMENTS (KOHA)
Source of classification or shelving scheme
Koha item type Books
Copies
Damaged status Lost status Not for loan Price effective from Barcode Date last seen Date acquired Koha item type Full call number Copy number Source of classification or shelving scheme Withdrawn status Shelving location Permanent Location
   2010-04-1429172018-03-162010-04-14BooksBS 2505 .Q51  General StacksRHEMA Bible Training College